[Event "Petr Izmailov Mem"]
[Site "Tomsk RUS"]
[Date "2009.06.29"]
[Round "6"]
[White "Karavaev,A"]
[Black "Yakunin,A"]
[Result "1/2-1/2"]
[WhiteElo "2191"]
[BlackElo "2371"]

1.e4 c5 2.Nc3 Nc6 3.Bb5 Nd4 4.Bc4 e6 5.Nf3 Ne7 6.Nxd4 cxd4 7.Ne2 Nc6 8.O-O Be7
9.d3 O-O 10.f4 d5 11.exd5 exd5 12.Bb3 f5 13.Bd2 Be6 14.Be1 Bf7 15.Bf2 Bf6
16.Ng3 g6 17.Re1 Qd6 18.Qd2 a6 19.Ne2 Rfe8 20.Kh1 Re7 21.Ng1 Rae8 22.Nf3 Rxe1+
23.Rxe1 Rxe1+ 24.Bxe1 h6 25.h4 Kg7 26.g3 Qb8 27.Kg2 b5 28.Qc1 a5 29.a4 b4
30.Bf2 Qd6 31.Qg1 Qc5 32.Qe1 Qd6 33.Qg1 Qc5 34.Qe1 Qd6 35.Qc1 Qe7 36.Qe1  1/2-1/2

[Event "Open"]
[Site "Pula CRO"]
[Date "2009.06.30"]
[Round "5"]
[White "Ljubicic,F"]
[Black "Zierke,O"]
[Result "1-0"]
[WhiteElo "2406"]
[BlackElo "2306"]

1.e4 c5 2.Nf3 Nc6 3.Nc3 d6 4.d4 cxd4 5.Nxd4 Nf6 6.Bc4 e6 7.Bb3 Be7 8.Be3 O-O
9.Qe2 a6 10.O-O-O Qc7 11.g4 Nxd4 12.Rxd4 Nd7 13.g5 Nc5 14.h4 f5 15.exf5 Rxf5
16.Rf4 Nxb3+ 17.axb3 Qa5 18.Ra4 Qd8 19.Re1 Bd7 20.Re4 d5 21.Rf4 Qf8 22.Qd2 Bd6
23.Rd4 Rc8 24.Kb1 Be8 25.Rh1 Bh5 26.Rc1 Bg6 27.Ka2 Be5 28.Ra4 b5 29.Rxa6 Ra8
30.Rxa8 Qxa8+ 31.Kb1 Rf8 32.Bc5 Rc8 33.Qe3 Bxc3 34.Qxc3 Qa6 35.Qd4 Qc6 36.b4 Ra8
37.b3 Qa6 38.Qb2 Be4 39.Bd4 Qb7 40.h5 Qf7 41.h6 g6 42.Bc5 Qc7 43.Qf6 Qf7
44.Qe5 Rc8 45.Bd4 Qc7 46.Qh8+ Kf7 47.Qxh7+ Ke8 48.Qg8+ Kd7 49.Qf7+ Kc6 50.Qxc7+ Rxc7
51.Bg7  1-0

[Event "ZMD Open"]
[Site "Dresden GER"]
[Date "2009.07.01"]
[Round "8"]
[White "Kotainy,J"]
[Black "Proschmann,T"]
[Result "1-0"]
[WhiteElo "2270"]
[BlackElo "2110"]

1.e4 c5 2.Nc3 Nc6 3.Bb5 g6 4.Bxc6 dxc6 5.d3 Bg7 6.Be3 b6 7.Qd2 Qc7 8.f4 Bd7
9.Nf3 Nf6 10.h3 Rd8 11.O-O-O Bc8 12.Qf2 Nd7 13.e5 f6 14.Ne4 fxe5 15.Neg5 Qd6
16.Nf7 Kxf7 17.fxe5 Qd5 18.c4 Qxf3 19.Qxf3+ Ke8 20.Qxc6 Bxe5 21.d4 Bf6 22.dxc5 bxc5
23.g4 Kf7 24.Qc7 Kg7 25.Rhf1 Be5 26.Qxa7 Bb8 27.Qa5 Rde8 28.Bxc5 Nxc5 29.Qxc5 e5
30.Rde1 Rhg8 31.Rf2 Kh8 32.Rfe2 Ba6 33.b3 Rc8 34.Qb6 Bxc4 35.bxc4 Rxc4+ 36.Rc2 Rf4
37.Qe6  1-0

[Event "ZMD Open"]
[Site "Dresden GER"]
[Date "2009.07.01"]
[Round "8"]
[White "Peschlow,P"]
[Black "Womacka,M"]
[Result "1/2-1/2"]
[WhiteElo "2296"]
[BlackElo "2436"]

1.e4 c5 2.Nc3 Nc6 3.Bb5 Nd4 4.Bc4 e6 5.Nf3 Nf6 6.O-O a6 7.e5 d5 8.exf6 dxc4
9.fxg7 Bxg7 10.d3 Bd7 11.Nxd4 Bxd4 12.Ne4 Bc6 13.c3 cxd3 14.Qxd3 Be5 15.Qxd8+ Rxd8
16.Nxc5 Rg8  1/2-1/2

[Event "ZMD Open"]
[Site "Dresden GER"]
[Date "2009.07.01"]
[Round "8"]
[White "Jaracz,P"]
[Black "Jugelt,T"]
[Result "1-0"]
[WhiteElo "2539"]
[BlackElo "2398"]

1.e4 c5 2.Nc3 Nc6 3.Nf3 g6 4.d4 cxd4 5.Nxd4 Bg7 6.Be3 Nf6 7.Bc4 O-O 8.Bb3 a5
9.O-O a4 10.Nxa4 Nxe4 11.Nb5 d5 12.Bb6 Qd7 13.Nc7 Rxa4 14.Bxa4 Bxb2 15.Qxd5 Bxa1
16.Rxa1 Nc3 17.Qxd7 Bxd7 18.Bb3 Bf5 19.Re1 Rd8 20.f3 Rd2 21.Be3 Rd7 22.Na8 Nb4
23.Nb6 Rc7 24.Bf4 Rc6 25.Rxe7 Rxb6 26.Bh6  1-0

[Event "Open"]
[Site "Pula CRO"]
[Date "2009.07.01"]
[Round "6"]
[White "Barle,J"]
[Black "Dimitrijevic,Da"]
[Result "1-0"]
[WhiteElo "2411"]
[BlackElo "2256"]

1.e4 c5 2.Ne2 Nc6 3.Nbc3 e5 4.g3 h5 5.h4 d6 6.Bg2 g6 7.d3 Be6 8.Nd5 Bh6 9.f4 Qd7
10.c3 O-O-O 11.Be3 Kb8 12.d4 cxd4 13.cxd4 Bg4 14.dxe5 dxe5 15.Qd2 Bxe2 16.Qxe2 Nge7
17.O-O exf4 18.gxf4 Nxd5 19.exd5 Ne7 20.Qf2 Qa4 21.b3 Qa6 22.Bd4 f6 23.Rad1 Nf5
24.Bc5 Bf8 25.b4 b6 26.d6 Qa3 27.Bxb6 Rxd6 28.Qe2 Be7 29.Qe4 Rxb6 30.Qa8+ Kc7
31.Rc1+ Kd7 32.Rfd1+ Bd6 33.Qxh8 Qe3+ 34.Kh1 Ng3+ 35.Kh2 Ne4 36.Qg7+ Kd8
37.Qf8+ Kd7 38.Qc8+ Ke7 39.Rc7+ Bxc7 40.Qxc7+  1-0

[Event "5th Open"]
[Site "Sort ESP"]
[Date "2009.07.01"]
[Round "8"]
[White "Meera,S"]
[Black "Pham Guerrero,S"]
[Result "0-1"]
[WhiteElo "2155"]
[BlackElo "2212"]

1.e4 c5 2.Nc3 Nc6 3.Nf3 g6 4.Bb5 Bg7 5.O-O Nd4 6.Bc4 d6 7.d3 Bg4 8.Bxf7+ Kxf7
9.Ng5+ Ke8 10.Qxg4 Nf6 11.Qd1 h6 12.Nf3 Rf8 13.e5 Nd7 14.Nh4 Nxe5 15.f4 e6
16.g3 g5 17.Ng2 Nf7 18.Ne4 d5 19.Nxc5 Qc7 20.Nxe6 Nxe6 21.Re1 Qb6+ 22.Kh1 Kd8
23.fxg5 hxg5 24.Qg4 Kd7 25.d4 Rae8 26.Bxg5 Qxd4 27.Nf4 Nxg5 28.Rad1 Rxf4
29.gxf4 Ne4 30.Rxd4 Nf2+ 31.Kg1 Nxg4 32.Rxd5+ Kc6 33.Rd3 Nf6 34.f5 Nc5 35.Rxe8 Nxe8
36.Rg3 Bxb2 37.h4 Ne4 38.Rg6+ Kd5 39.h5 N8f6 40.h6 Bc1 41.Rg7 Bxh6 42.Rxb7 Be3+
43.Kf1 Ke5 44.Ke2 Bb6 45.Ke1 Kxf5 46.a4 Ke6 47.a5 Bxa5+ 48.Kd1 Bb6 49.Kc1 Nc5
50.Rb8 Kd5 51.Kb2 Kc4 52.Rf8 Nd5 53.Rg8 Nc3 54.Rg4+ N5e4 55.Rh4 a5 56.Rh6 Bc5
57.Ra6 a4 58.Ra8 Nd6 59.Ra6 Ndb5 60.Ra8 a3+ 61.Kc1 Be3+  0-1

[Event "ZMD Open"]
[Site "Dresden GER"]
[Date "2009.07.02"]
[Round "9"]
[White "Siegl,D"]
[Black "Bade,Ha"]
[Result "1/2-1/2"]
[WhiteElo "1943"]
[BlackElo "2077"]

1.e4 c5 2.Nc3 Nc6 3.Bb5 d6 4.Bxc6+ bxc6 5.f4 e6 6.Nf3 Ne7 7.O-O d5 8.d3 h5
9.Qe1 g6 10.Nh4 d4 11.Ne2 Bh6 12.Kh1 Qd6 13.Bd2 Rb8 14.b3 f5 15.Rd1 Ba6 16.Bc1 fxe4
17.dxe4 Rf8 18.Rf3 Rd8 19.c4 Qc7 20.Rdd3 Bc8 21.Bd2 Rd7 22.Rf1 Ba6 23.Rdf3  1/2-1/2

[Event "Brama Lubawska"]
[Site "Lubawka POL"]
[Date "2009.07.02"]
[Round "6"]
[White "Malisauskas,V"]
[Black "Zminda,B"]
[Result "1/2-1/2"]
[WhiteElo "2459"]
[BlackElo "2165"]

1.e4 c5 2.Nf3 Nc6 3.Nc3 g6 4.d4 cxd4 5.Nxd4 Bg7 6.Be3 Nf6 7.Nxc6 bxc6 8.e5 Ng8
9.Bd4 f6 10.Qe2 fxe5 11.Bxe5 Nf6 12.O-O-O O-O 13.Qc4+ Kh8 14.Bd3 Qa5 15.Rhe1 d6
16.Bg3 Nd5 17.Nxd5 cxd5 18.Qb3 Bg4 19.Rxe7 Rab8 20.Rb7 Rxb7 21.Qxb7 Bxd1  1/2-1/2

[Event "Open"]
[Site "Pula CRO"]
[Date "2009.07.02"]
[Round "7"]
[White "Feletar,D"]
[Black "Frank,Pa"]
[Result "1/2-1/2"]
[WhiteElo "2382"]
[BlackElo "2249"]

1.e4 c5 2.Nf3 Nc6 3.Nc3 e6 4.Bb5 Nge7 5.O-O a6 6.Bxc6 Nxc6 7.d4 cxd4 8.Nxd4 Bc5
9.Nxc6 dxc6 10.Qg4 Qf6 11.e5 Qxe5 12.Bf4 h5 13.Bxe5 hxg4 14.Bxg7 Rh5 15.Ne4 Be7
16.Nf6+ Bxf6 17.Bxf6 Rf5 18.Bh4 Bd7 19.Rfe1 Rd5 20.c4 Rd4 21.c5 f5 22.Rad1 Rd5
23.Rc1 Kf7 24.Bg3 Kf6 25.Rcd1 Re8 26.Be5+ Rxe5 27.Rxe5 Kxe5 28.Rxd7 Rb8 29.Rd6 Kf6
30.f3 gxf3 31.gxf3 Ke7 32.Kf2 Rh8 33.Kg3 Rh7 34.b3 Kf6 35.Rd2  1/2-1/2

[Event "5th Open"]
[Site "Sort ESP"]
[Date "2009.07.02"]
[Round "9"]
[White "Roy,Pa"]
[Black "Mentink,T"]
[Result "1-0"]
[WhiteElo "2061"]
[BlackElo "1888"]

1.e4 c5 2.Nf3 Nc6 3.Nc3 d6 4.d4 cxd4 5.Nxd4 Nf6 6.Bc4 g6 7.f3 Bg7 8.Be3 Bd7
9.Qd2 Ne5 10.Bb3 Rc8 11.O-O-O O-O 12.g4 Qa5 13.Kb1 Nc4 14.Bxc4 Rxc4 15.Nb3 Qc7
16.Bh6 Rc8 17.Bxg7 Kxg7 18.h4 h5 19.gxh5 Nxh5 20.e5 Bf5 21.exd6 exd6 22.Nd4 Qa5
23.Nxf5+ Qxf5 24.Qxd6 Nf4 25.Rh2 R8c6 26.Qd2 b5 27.Ne4 Ne6 28.Nd6 Qxf3 29.Nxc4 Rxc4
30.Rf2 Qh5 31.Qd7 g5 32.hxg5 Qg6 33.Rdf1 Nxg5 34.Qxb5 Re4 35.Rg2 f6 36.Qb7+ Kf8
37.Rxg5 Re7 38.Qxe7+ Kxe7 39.Rxg6  1-0

[Event "Petr Izmailov Mem"]
[Site "Tomsk RUS"]
[Date "2009.07.02"]
[Round "9"]
[White "Belozerov,A"]
[Black "Mikhalchenko,P"]
[Result "0-1"]
[WhiteElo "2492"]
[BlackElo "2355"]

1.e4 c5 2.Nf3 Nc6 3.Nc3 Nf6 4.Bb5 d6 5.Bxc6+ bxc6 6.d4 cxd4 7.Nxd4 d5 8.exd5 cxd5
9.Nxd5 Nxd5 10.c4 Nf4 11.Bxf4 Bd7 12.Qe2 e6 13.f3 g5 14.Bd2 f6 15.O-O-O Be7
16.Qd3 O-O 17.f4 gxf4 18.Bxf4 e5 19.Bh6 Rf7 20.Qg6+ hxg6 21.Be3 exd4 22.Rxd4 Bc5
23.Re4 Bxe3+ 24.Rxe3 Bf5 25.Rf3 Bd3 26.Rxd3 Qxd3 27.Rd1 Qxc4+ 28.Kb1 Rd7
29.Rxd7 Qf1+ 30.Kc2 Rc8+ 31.Kb3 Qc4+ 32.Ka3 Qc3+ 33.Ka4 Rc4+ 34.Kb5 Qb4+
35.Ka6 Qb6+  0-1

[Event "XXIX Open"]
[Site "Benasque ESP"]
[Date "2009.07.03"]
[Round "1"]
[White "Sanz Menendez,J"]
[Black "Kotronias,V"]
[Result "0-1"]
[WhiteElo "2021"]
[BlackElo "2613"]

1.Nc3 c5 2.e4 Nc6 3.Bb5 Nd4 4.Nf3 e6 5.O-O a6 6.Be2 Ne7 7.Re1 d5 8.Bf1 dxe4
9.Nxe4 Nef5 10.b4 cxb4 11.Bb2 Be7 12.a3 bxa3 13.Bxa3 O-O 14.Bxe7 Qxe7 15.Bd3 Rd8
16.Nxd4 Nxd4 17.Qh5 h6 18.Re3 f5 19.Qg6 fxe4 20.Bxe4 Qf6 21.Qh7+ Kf7 22.c3 Nf5
23.Bxf5 exf5 24.Rae1 Bd7 25.Re7+ Qxe7 26.Rxe7+ Kxe7 27.Qxg7+ Kd6 28.Qxh6+ Kc7
29.Qf4+ Kc8 30.Qd6 Bc6 31.Qc5 Kc7 32.Qxf5  0-1

[Event "Open"]
[Site "Pula CRO"]
[Date "2009.07.03"]
[Round "8"]
[White "Barle,J"]
[Black "Ljubicic,F"]
[Result "1-0"]
[WhiteElo "2411"]
[BlackElo "2406"]

1.e4 c5 2.Ne2 Nc6 3.Nbc3 d6 4.g3 g6 5.Bg2 Bg7 6.d3 Rb8 7.f4 e6 8.Be3 Nd4
9.Bf2 e5 10.Nxd4 cxd4 11.Ne2 Ne7 12.c3 Nc6 13.cxd4 exd4 14.O-O O-O 15.h3 Qb6
16.Qd2 f5 17.Rab1 a5 18.b3 Be6 19.exf5 gxf5 20.a3 Kh8 21.Qb2 Rf7 22.Rfe1 Bd7
23.b4 axb4 24.axb4 Qb5 25.Qb3 Re7 26.Bxc6 bxc6 27.Nxd4 Rxe1+ 28.Rxe1 Qxb4
29.Qxb4 Rxb4 30.Nxf5 Bxf5 31.Re8+ Bf8 32.Rxf8+ Kg7 33.Rxf5  1-0

[Event "Open"]
[Site "Pula CRO"]
[Date "2009.07.03"]
[Round "8"]
[White "Tomazini,A"]
[Black "Csonka,A1"]
[Result "0-1"]
[WhiteElo "2152"]
[BlackElo "2327"]

1.e4 c5 2.Nc3 Nc6 3.Bb5 g6 4.Bxc6 bxc6 5.d3 Bg7 6.f4 d6 7.Nf3 Bg4 8.O-O Rb8
9.Qe1 Qc7 10.Rb1 Bxf3 11.Rxf3 e6 12.Na4 Nf6 13.c4 O-O 14.b3 Nd7 15.Rh3 Bd4+
16.Kh1 Rfe8 17.Qh4 Nf8 18.Bd2 f5 19.Rf1 Qe7 20.Qe1 Nd7 21.Nc3 Nf6 22.Na4 Qg7
23.Bc3 Rbd8 24.Rhf3 Re7 25.Qb1 Rde8 26.Qc2 Ng4 27.Qb2 e5 28.h3 fxe4 29.dxe4 Ne3
30.f5 gxf5 31.exf5 Nxf1 32.f6 Qg6 33.fxe7 Ng3+ 34.Kh2 Ne4 35.b4 Nxc3 36.Nxc3 e4
37.Rf8+ Rxf8 38.exf8=Q+ Kxf8 39.bxc5 Be5+ 40.Kg1 Qg3 41.Qf2+ Qxf2+ 42.Kxf2 Bxc3
43.Ke3 d5  0-1

[Event "XXXII Open"]
[Site "Barbera ESP"]
[Date "2009.07.04"]
[Round "1"]
[White "Alonso Moyano,J"]
[Black "Anuprita,P"]
[Result "1-0"]
[WhiteElo "2365"]
[BlackElo "2059"]

1.e4 c5 2.Nc3 Nc6 3.Bb5 g6 4.Bxc6 dxc6 5.d3 Bg7 6.Be3 b6 7.Qd2 Nf6 8.h3 O-O
9.Nge2 Ne8 10.Bh6 Be6 11.h4 Qd6 12.h5 gxh5 13.Bf4 Qd7 14.Ng3 f6 15.Nxh5 Bf7
16.O-O-O c4 17.d4 b5 18.g4 e5 19.Nxg7 Nxg7 20.dxe5 Qxd2+ 21.Rxd2 fxe5 22.Bxe5 Bg6
23.f4 b4 24.f5 bxc3 25.Bxc3 Be8 26.Rh6 Rf7 27.Rdh2 Rd8 28.Rxh7 Rfd7 29.b3 Bh5
30.Rxg7+ Rxg7 31.Bxg7 Bxg4 32.Rh8+  1-0

[Event "37th Greek Teams"]
[Site "Kallithea GRE"]
[Date "2009.07.06"]
[Round "6"]
[White "Pavlidis,Ant"]
[Black "Zakarian,D"]
[Result "1-0"]
[WhiteElo "2360"]
[BlackElo "2296"]

1.e4 c5 2.Nf3 Nc6 3.Nc3 d6 4.d4 cxd4 5.Nxd4 e5 6.Ndb5 a6 7.Na3 Be7 8.Nc4 b5
9.Ne3 Nf6 10.g3 O-O 11.Bg2 Be6 12.O-O Rc8 13.a4 b4 14.Ncd5 Bxd5 15.exd5 Nb8
16.Bd2 Qb6 17.a5 Qb5 18.b3 Nbd7 19.Ra4 Nc5 20.Rxb4 Qxa5 21.Nf5 Qd8 22.Rc4 Re8
23.Bg5 Bf8 24.Bh3 Rb8 25.b4 Ncd7 26.Rc6 Rxb4 27.Nxd6 Bxd6 28.Rxd6 Qc7 29.Rc6 Qb7
30.c4 h6 31.Bd2 Rb6 32.Qa4 Rb2 33.Be3 Rb4 34.Qa5 e4 35.Rc7 Qb8 36.Bxd7 Nxd7
37.Rxd7 Rxc4 38.Qxa6 Rc7 39.Rxc7 Qxc7 40.Qc6 Qe7 41.Bc5 Qe5 42.Bd6  1-0

[Event "ch-IRL"]
[Site "Dublin IRL"]
[Date "2009.07.07"]
[Round "5"]
[White "Atlas,V"]
[Black "Quinn,M"]
[Result "1-0"]
[WhiteElo "2428"]
[BlackElo "2404"]

1.e4 c5 2.Nf3 Nc6 3.Nc3 g6 4.d4 cxd4 5.Nxd4 Bg7 6.Nde2 h5 7.h3 h4 8.Be3 Nf6
9.Nf4 b5 10.a3 Rb8 11.Bd3 b4 12.axb4 Rxb4 13.Ra2 a5 14.O-O d6 15.Nfd5 Nxd5
16.Nxd5 Rb8 17.Bg5 Rh5 18.Qd2 Be6 19.c3 Qd7 20.Be2 Rh8 21.b4 axb4 22.cxb4 Nd4
23.Bd1 Bxd5 24.exd5 Qf5 25.Re1 Bf6 26.Bxf6 Qxf6 27.Ra7 Nf5 28.Bg4 Kf8 29.Bxf5 Qxf5
30.Rexe7 Rh7 31.Qd4 Kg8 32.Kh2 Rg7 33.Rab7 Rc8 34.Rbc7 Rxc7 35.Rxc7 g5 36.Rc4 f6
37.b5 Rb7 38.b6 Kf8 39.Rc6 Ke7 40.f3 Kd7 41.Qg4 Qxg4 42.hxg4 Ke7 43.g3 hxg3+
44.Kxg3 Kd7 45.Kf2 Rb8 46.Rc7+ Kd8 47.Rf7 Rxb6 48.Rxf6 Ke7 49.Rf5  1-0

[Event "XXXII Open"]
[Site "Barbera ESP"]
[Date "2009.07.09"]
[Round "6"]
[White "Lorenzo de la Riva,L"]
[Black "Garcia Roman,D"]
[Result "1-0"]
[WhiteElo "2331"]
[BlackElo "2464"]

1.e4 c5 2.Ne2 Nc6 3.Nbc3 g6 4.d4 cxd4 5.Nxd4 Bg7 6.Nde2 Nf6 7.g3 O-O 8.Bg2 d6
9.O-O Rb8 10.a4 b6 11.h3 Nd7 12.Be3 Bb7 13.Qd2 Re8 14.Rab1 Rc8 15.Nd5 Nc5
16.b3 a5 17.Rfd1 Ne5 18.f4 Ned7 19.c4 Nf6 20.Nxf6+ Bxf6 21.Qc2 Qc7 22.g4 Bg7
23.Ng3 Bc6 24.h4 Rf8 25.g5 f6 26.Rf1 fxg5 27.hxg5 e6 28.Rbd1 Rce8 29.Bc1 Bb7
30.Nh1 Rd8 31.Nf2 Bc8 32.Ng4 Qe7 33.e5 dxe5 34.fxe5 Rxd1 35.Rxd1 Bb7 36.Nf6+ Bxf6
37.gxf6 Qc7 38.Bh6 Bxg2 39.Qxg2 Rc8 40.Rf1 Kf7 41.Bf4 h5 42.Qg5 Rh8 43.Re1 h4
44.Kh2 h3 45.Rg1 Rg8 46.Qh6 Ke8 47.Rxg6 Rxg6 48.Qxg6+ Qf7 49.Qxf7+ Kxf7 50.Kxh3 Nxb3
51.Be3 Kg6 52.Kg4 Kf7 53.Bxb6 Nd2 54.c5 Nc4 55.Kf4 Nb2 56.c6 Nxa4 57.Bxa5 Nb2
58.c7 Nd3+ 59.Kg3  1-0

[Event "Maria Albulet Mem"]
[Site "Braila ROM"]
[Date "2009.07.09"]
[Round "6"]
[White "Padurariu,I"]
[Black "Gheorghe,C"]
[Result "1/2-1/2"]
[WhiteElo "2238"]
[BlackElo "2209"]

1.e4 c5 2.Nc3 Nc6 3.Bb5 Nd4 4.Bc4 e6 5.Nge2 Ne7 6.Nxd4 cxd4 7.Ne2 Nc6 8.O-O Bc5
9.d3 O-O 10.a3 a6 11.Ng3 b5 12.Bb3 Ne7 13.Qh5 Qc7 14.f4 g6 15.Qh6 f5 16.h4 Qd8
17.h5 Qe8 18.Bd2 Bb7 19.Rae1 Kh8 20.hxg6 Qxg6 21.Qxg6 hxg6 22.Bb4 Bxb4 23.axb4 Kg7
24.c3 dxc3 25.bxc3 Rfc8 26.Rc1 Rc7 27.Rf2 Rac8 28.Rfc2 Ng8 29.exf5 gxf5 30.Nf1 Nf6
31.c4 Ng4 32.cxb5 Rxc2 33.Rxc2 Rxc2 34.Bxc2 axb5 35.Bd1 Nf6 36.Ne3 Kf7 37.g3 Ke7
38.Kf2 Kd6 39.Nc2 Bc6 40.Ne3 Bb7 41.Ke1 Bc6 42.Kd2 Ne8 43.Kc3 Nc7 44.Bh5 Ke7
45.Kd4 d6 46.Bd1 Kf6 47.Bb3 Na6 48.Kc3 Bf3 49.Ba2 Nc7 50.Kd4 Na6 51.Kc3 Nc7
52.Bb3 Na6 53.Bc2 Nc7 54.Bb1 Ke7 55.Kd2 Na6 56.Nc2 Bd5 57.Kc3 Nc7 58.Nd4 Kf6  1/2-1/2

[Event "FSGM July"]
[Site "Budapest HUN"]
[Date "2009.07.09"]
[Round "6"]
[White "Bertholee,R"]
[Black "Rombaldoni,D"]
[Result "1/2-1/2"]
[WhiteElo "2368"]
[BlackElo "2465"]

1.e4 c5 2.Nc3 Nc6 3.Bb5 Nd4 4.Bc4 g6 5.Nf3 Bg7 6.Nxd4 cxd4 7.Qf3 e6 8.Nb5 d6
9.Qa3 Ke7 10.c3 dxc3 11.dxc3 a6 12.Be2 Rb8 13.Nd4 Qc7 14.Be3 b5 15.Rd1 e5
16.Nc2 a5 17.Rd2 Nf6 18.f3 Rd8 19.O-O Be6 20.Rfd1 Ne8 21.f4 Kf8 22.fxe5 Bxe5
23.Nd4 Bd7 24.Nf3 b4 25.cxb4 axb4 26.Qa7 Bf4 27.Qd4 Bxe3+ 28.Qxe3 Qb6 29.Qxb6 Rxb6
30.e5 Be6 31.Nd4 Bxa2 32.b3 dxe5 33.Ne6+ fxe6 34.Rxd8 Bxb3 35.R1d7 Ba4 36.Ra7 b3
37.Rxa4 b2 38.Bd3 Ke7 39.Raa8 b1=Q+ 40.Bxb1 Rxb1+ 41.Kf2 Rb2+ 42.Kg3 Nf6
43.Rdb8 Nh5+ 44.Kf3 e4+ 45.Ke3 Rxg2 46.Rb7+ Kf6 47.Rxh7 Rxh2 48.Rb7 Rh3+
49.Kxe4 Ng3+ 50.Kf4 Ne2+ 51.Ke4 Nc3+ 52.Kd4 Ne2+ 53.Ke4 Rh4+ 54.Ke3 Nc3 55.Rf8+ Ke5
56.Rg7 Nd5+ 57.Kf3 Rh6 58.Rff7 Nf6 59.Ra7 Kf5 60.Ra5+ Nd5 61.Rf7+ Ke5 62.Rg7 Kf6
63.Raa7 Rh4 64.Raf7+ Kg5 65.Rg8 Rh3+ 66.Kf2 Nf6 67.Rgg7 Rh2+ 68.Kf3 e5 69.Ra7 Rh3+
70.Kg2 Rh4 71.Ra5 Rg4+ 72.Kf3 Rf4+ 73.Ke2 Ng4 74.Ra6 Re4+ 75.Kf3 Re3+ 76.Kg2 Nf6
77.Kf2 Rb3 78.Re6 Rb5 79.Ra6 Rb2+ 80.Ke3 Rb4 81.Re6 Re4+ 82.Kd3 Rd4+ 83.Ke2 Rd5
84.Ra6 Rb5 85.Rd6 Ra5 86.Ke3 Nd5+ 87.Ke4 Nf6+ 88.Ke3 Ra4 89.Re6 Ra3+ 90.Ke2 Ra5
91.Rd6 Ra2+ 92.Ke3 Rb2 93.Ra6 Rb4 94.Re6 Rb5 95.Ra6 e4 96.Ra1 Rb3+ 97.Ke2 Nh5
98.Rg1+ Ng3+ 99.Kf2 Kf4 100.Rf7+ Kg4 101.Re7 Rb2+ 102.Ke1 Kf3 103.Rf7+ Nf5
104.Rxg6 Ke3 105.Rd7 Rh2 106.Kf1 Nh4 107.Rg4 Rh1+ 108.Rg1 Rh3  1/2-1/2

[Event "61st ch-MNE"]
[Site "Cetinje MNE"]
[Date "2009.07.10"]
[Round "1"]
[White "Kalezic,B"]
[Black "Djukic,Ni"]
[Result "1-0"]
[WhiteElo "2445"]
[BlackElo "2491"]

1.e4 c5 2.Nf3 Nc6 3.Nc3 d6 4.d4 cxd4 5.Nxd4 Nf6 6.f3 e5 7.Nb3 Be7 8.Be3 O-O
9.Qd2 a5 10.Bb5 Na7 11.Be2 Be6 12.Rd1 Nc8 13.Nd5 Bxd5 14.exd5 Nb6 15.c4 Qc7
16.Rc1 a4 17.Na1 Nfd7 18.O-O Nc5 19.Nc2 f5 20.g3 Nbd7 21.Na3 Qb6 22.Kh1 Rae8
23.Nb5 Bd8 24.Rb1 f4 25.gxf4 exf4 26.Bg1 Bg5 27.b4 axb3 28.axb3 Qd8 29.Nxd6 Re3
30.b4 Qe7 31.bxc5 Nxc5 32.Nxb7 Nxb7 33.d6 Nxd6 34.Bxe3 fxe3 35.Qd5+ Kh8 36.Rg1 h6
37.c5 Nf5 38.c6 Qf6 39.Rg4 Ne7 40.Qc5 Nxc6 41.Rb6 Rc8 42.Rc4 Qa1+ 43.Rc1 Ne7
44.Qxc8+ Nxc8 45.Rxh6+ gxh6 46.Rxa1 Ne7 47.Kg2 Nd5 48.Ra5 Nf4+ 49.Kf1 Kg7
50.Re5 Ng6 51.Re4 Bf4 52.Bd3 Bg5 53.Re6 Nh4 54.Be2 Kf7 55.Ra6 Ng6 56.Ra4 h5
57.Ra5 Kf6 58.Bd3 Ne5 59.Ke2 Bf4 60.h3 Kg5 61.Ra4 h4 62.Ra6 Nd7 63.Rg6+ Kh5
64.Rg4 Bh2 65.Kxe3 Nf6 66.Rg2 Bg3 67.Be4 Kh6 68.Ra2 Nh5 69.Ra6+ Kg7 70.Bf5 Nf4
71.Ke4 Kf7 72.Bg4 Ke7 73.Kf5 Ng2 74.Re6+ Kd8 75.Re4 Kc7 76.Kg5 Kd6 77.Bc8 Kc7
78.Ba6 Kd6 79.Kg4 Kd5 80.Bc4+ Kd6 81.Bf1 Ne1 82.f4 Kd5 83.Re2  1-0

[Event "ch-SUI"]
[Site "Graechen SUI"]
[Date "2009.07.10"]
[Round "2"]
[White "Gaehler,M"]
[Black "Vilaseca,L"]
[Result "1-0"]
[WhiteElo "2247"]
[BlackElo "2140"]

1.e4 c5 2.Nc3 Nc6 3.Bb5 Nd4 4.Ba4 a6 5.Bb3 e6 6.Nf3 Nxb3 7.axb3 d6 8.O-O Nf6
9.d4 cxd4 10.Qxd4 Be7 11.Rd1 Bd7 12.Bg5 Qc7 13.Bxf6 gxf6 14.Qe3 h5 15.Nd4 Bc6
16.Ncb5 Bxb5 17.Nxb5 Qc6 18.Nd4 Qd7 19.Qg3 Kf8 20.Rd3 Rc8 21.c3 Rc5 22.f4 d5
23.e5 f5 24.b4 Rc8 25.Qf2 h4 26.Kh1 Rg8 27.Rh3 Rg4 28.Rg1 Ke8 29.g3 hxg3
30.Rh8+ Bf8 31.Rxg3 Rxg3 32.hxg3 Qa4 33.g4 Qd1+ 34.Qg1 Qxg1+ 35.Kxg1 fxg4
36.Kf2 Kd7 37.Rh7 Ke8 38.Kg3 Rc4 39.Rh8 Ke7 40.Kxg4 Rc8 41.f5 exf5+ 42.Nxf5+ Kd7
43.Rh7 Ke8 44.Ne3 Rd8 45.Nc2 Rc8 46.Kf5 Be7 47.Ne3 Rd8 48.Rh8+ Bf8 49.Rh4 d4
50.cxd4 Bxb4 51.Rh8+ Bf8 52.d5 Kd7 53.Rh7 Ke8 54.Ke4 b5 55.Nf5 a5 56.d6 Rc8
57.Kd5 Rc2 58.b3 a4 59.bxa4 bxa4 60.Rh3 Rc8 61.Nd4 Ra8 62.Nb5 Kd7 63.Ra3 Bg7
64.Rf3 Bxe5 65.Rxf7+ Ke8 66.Re7+ Kd8 67.Rxe5 a3 68.Rh5 Ra5 69.Ke6  1-0

[Event "1st WCT GM"]
[Site "Moscow RUS"]
[Date "2009.07.10"]
[Round "7"]
[White "Romanko,M"]
[Black "Krylov,M RUS"]
[Result "0-1"]
[WhiteElo "2447"]
[BlackElo "2480"]

1.e4 c5 2.Nc3 Nc6 3.Nf3 g6 4.d4 cxd4 5.Nxd4 Bg7 6.Be3 Nf6 7.f3 O-O 8.Nb3 d5
9.exd5 Nb4 10.d6 exd6 11.Qd2 Re8 12.O-O-O Bf5 13.Nd4 Qa5 14.a3 Rac8 15.Nxf5 Rxc3
16.Kb1 Rxa3 17.bxa3 Qxa3 18.Nh6+ Bxh6 19.Bc4 Rxe3 20.Qxd6 Qc3 21.Bb3 Ne8
22.Qd7 Qxb3+ 23.cxb3 Rxb3+ 24.Ka1 Bg7+  0-1

[Event "XXXII Open"]
[Site "Barbera ESP"]
[Date "2009.07.11"]
[Round "8"]
[White "Perpinya Rofes,L"]
[Black "Meera,S"]
[Result "0-1"]
[WhiteElo "2387"]
[BlackElo "2148"]

1.e4 c5 2.Nc3 Nc6 3.Nge2 d6 4.d4 cxd4 5.Nxd4 Nf6 6.Bg5 e6 7.Qd3 Qb6 8.Nb3 Be7
9.Qg3 O-O 10.Be2 a6 11.Bh6 Ne8 12.O-O Qd8 13.Be3 b5 14.f4 Bb7 15.Bd3 Nb4
16.Bd4 Nxd3 17.cxd3 Rc8 18.Rac1 Bf6 19.Qe3 e5 20.Bb6 exf4 21.Rxf4 Qe7 22.Rf5 g6
23.Nd5 Bxd5 24.Rxd5 Nc7 25.Bxc7 Rxc7 26.Rxc7 Qxc7 27.Nd4 Rc8 28.Kf2 Be5 29.h3 Qc1
30.Qxc1 Rxc1 31.Ne2 Rc2 32.d4 Bh2 33.g3 Bxg3+ 34.Kxg3 Rxe2 35.Rxd6 Rxe4 36.Kf3 Re6
37.Rd8+ Kg7 38.d5 Re1 39.Ra8 Rd1 40.Ke4 f5+ 41.Ke5 Re1+ 42.Kd6 f4 43.Ra7+ Kh6
44.Rxa6 Kg5 45.Ra7 Re2 46.b4 Re4 47.Kc5 f3 48.d6 Rf4 49.d7 Rf8 50.Ra3 Kf4
51.Rxf3+ Kxf3 52.Kxb5 g5 53.Kc6 h5  0-1

[Event "LTC Open A"]
[Site "Leiden NED"]
[Date "2009.07.12"]
[Round "3"]
[White "Adhiban,B"]
[Black "Ducarmon,Q"]
[Result "1-0"]
[WhiteElo "2481"]
[BlackElo "2201"]

1.e4 c5 2.Nc3 Nc6 3.Nf3 e5 4.Bc4 d6 5.d3 Be7 6.O-O Bg4 7.h3 Bh5 8.Nd5 Nf6
9.c3 Nxd5 10.Bxd5 O-O 11.a3 Bxf3 12.Qxf3 Bg5 13.Be3 Rc8 14.b4 b6 15.b5 Na5
16.Qg4 Bxe3 17.fxe3 c4 18.d4 Rc7 19.Rf5 Kh8 20.Raf1 Qe8 21.Qh4 f6 22.g4 Qg6
23.g5 Rg8 24.Kh2 Rf7 25.Rg1  1-0

[Event "Open"]
[Site "Rethymno GRE"]
[Date "2009.07.12"]
[Round "1"]
[White "Moradiabadi,E"]
[Black "Tsarouha,Ma"]
[Result "1-0"]
[WhiteElo "2542"]
[BlackElo "1763"]

1.e4 c5 2.Nc3 Nc6 3.Nf3 g6 4.Bb5 Bg7 5.d3 e6 6.Bxc6 bxc6 7.Be3 Qa5 8.O-O Ne7
9.Qd2 O-O 10.e5 Rb8 11.b3 Nf5 12.Ne4 Qxd2 13.Bxd2 Nd4 14.Nxd4 cxd4 15.f4 f6
16.exf6 Bxf6 17.Rae1 Bb7 18.Bb4 Rf7 19.Bd6 Rc8 20.b4 Be7 21.Bxe7 Rxe7 22.Nd6 Rb8
23.Re5 c5 24.Rxc5 Bd5 25.a3 a6 26.Re1 Rg7 27.Re5 Rb6 28.Rc8+  1-0

[Event "ch-SUI"]
[Site "Graechen SUI"]
[Date "2009.07.13"]
[Round "5"]
[White "Nuri,Kam"]
[Black "Binggeli,C"]
[Result "1-0"]
[WhiteElo "2198"]
[BlackElo "1929"]

1.e4 c5 2.Nc3 Nc6 3.Nge2 Nf6 4.d4 cxd4 5.Nxd4 e5 6.Ndb5 d6 7.Bg5 a6 8.Na3 Be6
9.Nc4 Rc8 10.Ne3 Be7 11.Bxf6 Bxf6 12.Ncd5 Bg5 13.c3 Bxe3 14.Nxe3 Ne7 15.Qa4+ Rc6
16.Nd5 Nxd5 17.exd5 Bxd5 18.Rd1 Be6 19.Bxa6 O-O 20.Bxb7 Rb6 21.Bd5 Rxb2 22.O-O Qb6
23.Qa3 Rd8 24.c4 g6 25.Bxe6 fxe6 26.c5 Qb4 27.Qh3 Qc4 28.cxd6 Rxa2 29.Rc1 Qd5
30.Rc7 Qxd6 31.Qxh7+  1-0

[Event "Richard Riordan GM Rapid"]
[Site "Natanya ISR"]
[Date "2009.07.13"]
[Round "7"]
[White "Eljanov,P"]
[Black "Najer,E"]
[Result "0-1"]
[WhiteElo "2716"]
[BlackElo "2663"]

1.e4 c5 2.Ne2 Nc6 3.Nbc3 d6 4.g3 g6 5.Bg2 Bg7 6.d3 e5 7.O-O Nge7 8.a3 O-O
9.Rb1 h6 10.b4 b6 11.Be3 Nd4 12.Qd2 Kh7 13.f4 Be6 14.bxc5 dxc5 15.fxe5 g5
16.Nc1 Qd7 17.Nd1 Rad8 18.Nf2 Bxe5 19.c3 Nb5 20.Ne2 Nxa3 21.Rbd1 Bb3 22.Rc1 Nc4
23.dxc4 Qxd2 24.Bxd2 Rxd2 25.Ng4 Ng6 26.Rf5 f6 27.Rcf1 Kg7  0-1

[Event "Open"]
[Site "Rethymno GRE"]
[Date "2009.07.13"]
[Round "2"]
[White "Prassas,G"]
[Black "Bakre,T"]
[Result "0-1"]
[WhiteElo "2004"]
[BlackElo "2453"]

1.e4 c5 2.Nc3 Nc6 3.Bb5 Nd4 4.Bc4 e6 5.Nf3 Nf6 6.O-O a6 7.a4 d5 8.exd5 exd5
9.Nxd5 Nxd5 10.Nxd4 cxd4 11.Qh5 Be6 12.Re1 Be7 13.Rxe6 Nf4 14.Rxe7+ Qxe7
15.Qf3 Ng6 16.Bf1 O-O 17.b3 Rfe8 18.Ba3 Qd7 19.Qg3 Rac8 20.c4 dxc3 21.dxc3 Qd2
22.Bb4 Qb2  0-1

[Event "ch-SUI"]
[Site "Graechen SUI"]
[Date "2009.07.14"]
[Round "6"]
[White "Muheim,L"]
[Black "Carron,J"]
[Result "1-0"]
[WhiteElo "2323"]
[BlackElo "2416"]

1.e4 c5 2.Nf3 Nc6 3.Nc3 e5 4.Bc4 Be7 5.d3 d6 6.O-O Bg4 7.h3 Be6 8.Nd5 Rb8
9.c3 Qd7 10.Ng5 Nf6 11.Nxe6 fxe6 12.Nxf6+ Bxf6 13.Qg4 Ke7 14.Bg5 Rbf8 15.f4 exf4
16.Rxf4 Ne5 17.Qg3 h6 18.Bxf6+ gxf6 19.Bb3 Rhg8 20.Qe3 Qb5 21.d4 cxd4 22.cxd4 Qb6
23.Rd1 Rg5 24.Rf2 Rfg8 25.Qf4 R8g6 26.Kh1 Nd7 27.Qd2 Rg3 28.Rc1 Qb5 29.Rc3 Qb4
30.Kh2 Rxc3 31.bxc3 Qa5 32.Qd3 Qg5 33.Qf3 h5 34.Bc2 Rg7 35.Ba4 h4 36.Bxd7 Qg3+
37.Kg1 Kxd7 38.Qxf6 Re7 39.Qf3 Qg5 40.Qd3 a6 41.e5 d5 42.Qb1 Ke8 43.Qb4 Qe3
44.Qc5 Kd8 45.Qd6+ Ke8 46.Qb8+  1-0